Wird geladen...
Oo Rapro Nobees
| 1. Verfasser: | |
|---|---|
| Format: | Printed Book |
| Sprache: | Malayalam |
| Veröffentlicht: |
D.C. Books, Kottayam
D.C. Books, Kottayam
1981
|
| LEADER | 00473nam a2200121Ia 4500 | ||
|---|---|---|---|
| 008 | 111205s9999 xx 000 0 mal d | ||
| 100 | |a Rafi ,Ponhikkara | ||
| 245 | |a Oo Rapro Nobees |c Rafi ,Ponhikkara | ||
| 260 | |b D.C. Books, Kottayam |a D.C. Books, Kottayam |c 1981 | ||
| 300 | |a 167 | ||
| 942 | |c BK | ||
| 999 | |c 207608 |d 207608 | ||
| 952 | |0 0 |1 0 |2 ddc |4 0 |6 853_000000000000000_3R1_ORA |7 0 |9 229601 |a MAL |b MAL |c ST1 |d 2020-02-17 |g 11.00 |l 3 |o 853.3R1 ORA |p MAL17271 |r 2017-07-13 |s 2017-05-29 |v 11.00 |w 2011-12-05 |y BK | ||